Vývoj právneho rámca ochrany hospodárskej súťaže v Slovenskej republike

Významným segmentom hospodárskej politiky je súťažná politika. Proporcionalita rastu a výkonnosti ekonomiky môže byť dosiahnutá len v tom prípade, ak všetci zúčastnení hráči, t.j. štát, súkromný sektor, ako aj spotrebitelia budú prijímať svoje rozhodnutia v duchu princípov hospodárskej súťaže. Pohľa...

Descrizione completa

Salvato in:
Dettagli Bibliografici
Autore principale: Tokárová, Mária
Natura: Capitolo di libro
Lingua:slovacco
Soggetti:
Tags: Aggiungi Tag
Nessun Tag, puoi essere il primo ad aggiungerne!!

MARC

LEADER 00000nla a2200000 4500
001 0172031
005 20240502072941.5
041 0 |a slo 
044 |a SK 
245 1 0 |a Vývoj právneho rámca ochrany hospodárskej súťaže v Slovenskej republike  |c Mária Tokárová 
520 |a Významným segmentom hospodárskej politiky je súťažná politika. Proporcionalita rastu a výkonnosti ekonomiky môže byť dosiahnutá len v tom prípade, ak všetci zúčastnení hráči, t.j. štát, súkromný sektor, ako aj spotrebitelia budú prijímať svoje rozhodnutia v duchu princípov hospodárskej súťaže. Pohľad na vytváranie právneho rámca ochrany hospodárskej súťaže od vzniku bývalého Československa po súčasnosť. 
610 2 0 |a súťaž hospodárska 
610 2 0 |a ochrana súťaže hospodárskej 
610 2 0 |a legislatíva 
100 1 |a Tokárová, Mária